=LDR 00000nam 2200000 4500 =001 INLIS000000000023789 =005 20130612122422 =008 ***********************************Ind** =035 ##$$0010-061300000023789 =041 ##$$a Ind =082 ##$$a 641.1 =090 ##$$a 641.1, Sud h =100 ##$$a Sudarmo, Poorwo =245 ##$$a Hidangan sehat, Menyempurnakan kesehatan dasar susunan hidangan yang benar, Poorwo Sudarmo =260 ##$$a 1952 $b Jakarta =300 ##$$a 127 hlm, ilus, 21 cm =650 ##$$a Makanan - Gizi =850 ##$$a NBPNMAT